000 00917nam a2200325Ia 4500
001 10341
003 IT-RoPAU
008 130308s9999 xx 000 0 und d
040 _aIT-RoPAU
040 _cIT-RoPAU
041 _aITALIANO
100 _aBertoncelli Riccardo
100 _gCodice Aut. SPICS: 9228
245 _aMusica da non consumare
245 _bMusica da Non Consumare
250 _a1a ed.
260 _aMILANO
260 _bIl Formichiere
260 _c1979 [1° Ed.:1979 - Ed.Ling.Originale:1979]
300 _a"154 p. (prefazione: no ; testo: 154)"
500 _aRecensioni di cento Dischi Alla Scoperta di Orizzonti Nuovi ed Emozionanti dell'Espressione Musicale
650 _aENCICLOPEDIE DI MUSICA
650 _eCodice materia Spics: 7001
700 _aBolelli Franco
700 _gCodice Aut. SPICS: 9053
942 _cBK
957 _71
999 _c73510
_d73510
999 _bSI
999 _g1